000 00926nam a22002417a 4500
999 _c63874
_d63874
005 20240530110703.0
008 171225s2012 ua a f b 000 0 ara d
017 _a2015/5216
_bمصر. دار الكتب
020 _a9789779102191
040 _aEG-CaGPL
_cEG-CaGPL
082 0 4 _221
_a306
_bق/م ت
100 0 _aمحمد امين عبدالصمد
245 1 2 _aالتنوع الثقافى فى مصر :
_bاضاءات على ثقافة الوطن /
_cمحمد امين عبدالصمد .
250 _aط.1
260 _aالقاهرة :
_bالهيئة المصرية العامة للكتاب ،
_c2015 .
300 _a487 ص. :
_bايض. ؛
_c24 سم.
650 0 7 _2qrmak
_aالثقافة المصرية
_xتاريخ
650 0 7 _2qrmak
_aالرقص الشعبى
_zمصر
650 0 7 _2qrmak
_aالثقافة المصرية
651 _2qrmak
942 _2ddc
_cBK